Kerry GAA Clubs - Statistics

General Stats
  • This quiz has been taken 3 times
  • The average score is 9 of 15
Answer Stats
Hint Answer % Correct
Brian Ó Beaglaoich An Ghaeltacht
100%
Kieran Donaghy Austin stacks
100%
Paul Geaney Dingle
100%
Gavin White Dr Crokes
67%
David Clifford Fossa
67%
Tommy Walsh Kerins O' Rahillys
67%
Peter Crowley Laune Rangers
67%
Shane Ryan Rathmore
67%
Sean O Brien Beaufort
33%
Sean O Sullivan Cromane
33%
Paul Galvin Finuge
33%
Darragh Lyne Legion
33%
Ruairi Murphy Listry
33%
Cillian Burke Milltown
33%
Jack Barry Na Gaeil
33%
No matching quizzes found
Score Distribution
Percent of People with Each Score
Percentile by Number Answered
Your Score History
You have not taken this quiz